[Event "World Rapid 2019"]
[Site "Moscow RUS"]
[Date "2019.12.27"]
[Round "8.81"]
[White "Abdusattorov, Nodirbek"]
[Black "Gasanov, Eldar"]
[Result "1-0"]
[WhiteTitle "GM"]
[BlackTitle "GM"]
[WhiteElo "2635"]
[BlackElo "2481"]
[WhiteFideId "14204118"]
[BlackFideId "14104466"]
[EventDate "2019.12.26"]

1. e4 e5 2. Nf3 Nc6 3. Bb5 a6 4. Ba4 Nf6 5. O-O Be7 6. Re1 b5 7. Bb3 d6 8. c3
O-O 9. h3 Bb7 10. d4 Re8 11. Nbd2 Bf8 12. d5 Nb8 13. Nf1 Nbd7 14. Ng3 Nc5 15.
Bc2 c6 16. b4 Ncd7 17. dxc6 Bxc6 18. Bb3 h6 19. Nh4 Nb6 20. Ng6 Rc8 21. Nxf8
Kxf8 22. Nf5 d5 23. Be3 Bb7 24. Bc5+ Rxc5 25. bxc5 Nc8 26. exd5 Nxd5 27. Nd6
Nxd6 28. Bxd5 Bxd5 29. Qxd5 Nc4 30. Red1 Qc7 31. c6 Nb6 32. Qc5+ Kg8 33. Rd6 Rc8
34. Rad1 f6 35. Rd7 Nxd7 36. Rxd7 1-0

[Event "World Rapid 2019"]
[Site "Moscow RUS"]
[Date "2019.12.27"]
[Round "8.82"]
[White "Vavulin, Maxim"]
[Black "Sek, Konstantin"]
[Result "1/2-1/2"]
[WhiteTitle "GM"]
[WhiteElo "2556"]
[BlackElo "2446"]
[WhiteFideId "4169530"]
[BlackFideId "24104302"]
[EventDate "2019.12.26"]

1. e4 e5 2. Nf3 Nc6 3. Bb5 a6 4. Ba4 d6 5. d4 b5 6. Bb3 Nxd4 7. Nxd4 exd4 8. c3
Nf6 9. cxd4 Bb7 10. Nc3 Be7 11. O-O b4 12. Ba4+ Kf8 13. Ne2 Nxe4 14. Qc2 c5 15.
Be3 Rc8 16. dxc5 Nxc5 17. Bxc5 Rxc5 18. Qd3 Rg5 19. Ng3 h5 20. Rac1 h4 21. Ne4
Re5 22. Bc6 Bc8 23. Rfe1 d5 24. Nd2 Rxe1+ 25. Rxe1 Rh6 26. Ba4 h3 27. g3 a5 28.
Nf3 Ba6 29. Qf5 Bc8 30. Qc2 Be6 31. Nd4 Kg8 32. Qd3 Bc5 33. Re2 Rf6 34. Bc2 g6
35. Nxe6 fxe6 36. Qb5 Qf8 37. Qd7 Bxf2+ 38. Rxf2 Rxf2 39. Qxe6+ Kh8 40. Qxh3+
Kg7 41. Qd7+ Qf7 42. Qc6 Rf1+ 43. Kg2 Qf3+ 44. Kh3 Qh5+ 45. Kg2 Rf7 46. b3 Qe2+
47. Kh3 Rf6 48. Qc7+ Kh6 49. Qd8 Qh5+ 50. Kg2 Qf3+ 51. Kh3 Kg5 52. Bd3 Qxd3 1/2-1/2

[Event "World Rapid 2019"]
[Site "Moscow RUS"]
[Date "2019.12.27"]
[Round "8.83"]
[White "Salgado Lopez, Ivan"]
[Black "Samsonkin, Artiom"]
[Result "1/2-1/2"]
[WhiteTitle "GM"]
[BlackTitle "IM"]
[WhiteElo "2605"]
[BlackElo "2428"]
[WhiteFideId "2257327"]
[BlackFideId "13503111"]
[EventDate "2019.12.26"]

1. e4 c5 2. c3 e6 3. Nf3 d5 4. exd5 exd5 5. d4 Nc6 6. Bb5 Bd6 7. dxc5 Bxc5 8.
O-O Ne7 9. Nbd2 O-O 10. Nb3 Bb6 11. Nfd4 Nxd4 12. Nxd4 Nf5 13. Nf3 d4 14. Bg5
Qd5 15. Ba4 h6 16. Bf4 Be6 17. Bb3 Qe4 18. Bxe6 fxe6 19. Bd2 Nh4 20. Nxh4 Qxh4
21. Qe2 e5 22. Qxe5 Rae8 23. Qd5+ Kh8 24. g3 Qg4 25. cxd4 Qxd4 26. Qxd4 Bxd4 27.
Bc3 Bxc3 28. bxc3 Re2 29. a4 Rc2 30. Rab1 b6 31. a5 bxa5 32. Rb5 Rxc3 33. Rxa5
Rf7 34. Ra2 Rfc7 35. Kg2 Rc2 1/2-1/2

[Event "World Rapid 2019"]
[Site "Moscow RUS"]
[Date "2019.12.27"]
[Round "8.84"]
[White "Santos Ruiz, Miguel"]
[Black "Yilmaz, Mustafa"]
[Result "1/2-1/2"]
[WhiteTitle "GM"]
[BlackTitle "GM"]
[WhiteElo "2585"]
[BlackElo "2604"]
[WhiteFideId "22291482"]
[BlackFideId "6302718"]
[EventDate "2019.12.26"]

1. e4 c5 2. Nf3 e6 3. d4 cxd4 4. Nxd4 Nc6 5. Nc3 Qc7 6. g3 a6 7. Bg2 Nf6 8. O-O
h5 9. Bg5 Bc5 10. Nb3 Ba7 11. Nd5 exd5 12. exd5 Ne5 13. d6 Qc4 14. Qe1 Qe6 15.
Qa5 O-O 16. Rae1 Nfg4 17. Bf4 Qxd6 18. Bxe5 Nxe5 19. Rxe5 g6 20. c3 Qf6 21. Nd4
d6 22. Re4 Rb8 23. Rfe1 Bd7 24. Rf4 Qd8 25. Qxd8 Rbxd8 26. Re7 Bxd4 27. Rxd4
Rfe8 28. Rxe8+ Rxe8 29. Kf1 d5 30. Bxd5 Bh3+ 31. Bg2 Bxg2+ 32. Kxg2 Re2 33. Rb4
b5 34. Kf3 Rc2 35. a4 bxa4 36. Rxa4 Rxb2 37. Rxa6 Rc2 38. Rc6 Kf8 39. Rc7 Kg7
40. h4 Kf6 41. Ke3 Ke6 42. Rc4 f6 43. Re4+ Kd5 44. Rd4+ Ke6 45. Rd3 g5 46. hxg5
fxg5 47. f4 h4 48. gxh4 gxh4 49. Ke4 Rh2 50. Re3 h3 51. Kf3+ Kf5 52. Re5+ Kf6
53. Kg3 Rc2 54. Kxh3 Rxc3+ 55. Kg4 Rc1 56. Re3 Rg1+ 57. Rg3 Rxg3+ 58. Kxg3 1/2-1/2

[Event "World Rapid 2019"]
[Site "Moscow RUS"]
[Date "2019.12.27"]
[Round "8.85"]
[White "Gajewski, Grzegorz"]
[Black "Gurvich, Vitaly"]
[Result "1-0"]
[WhiteTitle "GM"]
[BlackTitle "FM"]
[WhiteElo "2626"]
[BlackElo "2230"]
[WhiteFideId "1116207"]
[BlackFideId "24164852"]
[EventDate "2019.12.26"]

1. d4 Nf6 2. Nf3 g6 3. Bg5 Bg7 4. Nbd2 c5 5. Bxf6 Bxf6 6. Ne4 Qb6 7. Nxf6+ Qxf6
8. e3 O-O 9. Be2 cxd4 10. Qxd4 Qxd4 11. exd4 d5 12. h3 Nc6 13. c3 Bf5 14. Nd2
Rac8 15. g4 Bd7 16. f4 f6 17. Bf3 Be6 18. O-O Bf7 19. f5 e6 20. fxe6 Bxe6 21.
Rae1 Bf7 22. Rf2 Kg7 23. Rfe2 Rc7 24. Nb3 b6 25. Nc1 Rd8 26. Nd3 g5 27. Nf2 Rdd7
28. Nd1 Ne7 29. Ne3 Bg6 30. Rf2 Rd6 31. h4 h6 32. h5 Bh7 33. Nf1 Bd3 34. Ng3 Bh7
35. Bd1 Kf7 36. Bb3 Re6 37. Ref1 Rcc6 38. Ba4 Rc7 39. Rf3 a6 40. R1f2 Kg7 41.
Bc2 Bxc2 42. Rxc2 Kf7 43. Kg2 Rcc6 44. Rcf2 Rcd6 45. Kf1 Rc6 46. a4 b5 47. axb5
axb5 48. Re2 Ra6 49. Rxe6 Kxe6 50. Re3+ Kf7 51. Kf2 Ra1 52. Re2 Rb1 53. Ke3 Ra1
54. Kf3 Rb1 55. Kf2 Rc1 56. Nf1 f5 57. gxf5 Nxf5 58. Nh2 b4 59. Ng4 bxc3 60.
bxc3 Rxc3 61. Re5 Nxd4 62. Nxh6+ Kg7 63. Ng4 Rh3 64. Rxg5+ Kh7 65. Nf6+ 1-0

[Event "World Rapid 2019"]
[Site "Moscow RUS"]
[Date "2019.12.27"]
[Round "8.86"]
[White "Christiansen, Johan-Sebastian"]
[Black "Makoveev, Ilya"]
[Result "1-0"]
[WhiteTitle "GM"]
[BlackTitle "FM"]
[WhiteElo "2597"]
[BlackElo "2277"]
[WhiteFideId "1512668"]
[BlackFideId "34155748"]
[EventDate "2019.12.26"]

1. c4 Nf6 2. g3 e5 3. Bg2 d5 4. cxd5 Nxd5 5. Nc3 Nb6 6. e3 Nc6 7. Nge2 Be7 8.
O-O O-O 9. f4 Bf5 10. fxe5 Bd3 11. e6 f5 12. Rf2 Ne5 13. Nf4 c6 14. b3 g5 15.
Nxd3 Nxd3 16. Rf1 Qd6 17. Qe2 Rad8 18. Nd5 Nxd5 19. Qxd3 Qxe6 20. Qc4 b5 21. Qe2
Bf6 22. Rb1 Kg7 23. Ba3 Rf7 24. Qf3 Be5 25. Bc5 g4 26. Qe2 h5 27. e4 fxe4 28.
Rxf7+ Qxf7 29. Qxe4 Re8 30. Rf1 Qg6 31. Bf8+ Rxf8 32. Qxg6+ Kxg6 33. Rxf8 Nb4
34. a3 Kg7 35. Rc8 Nc2 36. Rxc6 Nxa3 37. Be4 a5 38. Ra6 a4 39. bxa4 b4 40. Ra7+
Kf6 41. Rb7 Bd6 42. Bd3 Ke5 43. a5 Kd4 44. Rd7 Kxd3 45. Rxd6+ Kc4 46. a6 b3 47.
a7 b2 48. a8=Q b1=Q+ 49. Kg2 Nb5 50. Qd5+ Kb4 51. Rb6 Ka5 52. Rxb5+ Qxb5 53.
Qxb5+ Kxb5 54. Kf2 Kc4 55. Ke3 1-0

[Event "World Rapid 2019"]
[Site "Moscow RUS"]
[Date "2019.12.27"]
[Round "8.87"]
[White "Blohberger, Felix"]
[Black "Afanasiev, Nikita"]
[Result "1/2-1/2"]
[WhiteTitle "IM"]
[BlackTitle "IM"]
[WhiteElo "2434"]
[BlackElo "2517"]
[WhiteFideId "1632051"]
[BlackFideId "24183555"]
[EventDate "2019.12.26"]

1. Nf3 g6 2. e4 Bg7 3. d4 d6 4. Be3 Nf6 5. Nc3 a6 6. Qd2 Ng4 7. Bg5 h6 8. Bh4
Nc6 9. h3 Nf6 10. O-O-O Nh5 11. g4 Nf6 12. Bg2 g5 13. Bg3 Nd7 14. h4 gxh4 15.
Rxh4 e5 16. d5 Ne7 17. Rdh1 Ng6 18. R4h2 Nf6 19. g5 hxg5 20. Rxh8+ Bxh8 21. Qxg5
Ng8 22. Qh5 Bg7 23. Nh4 Qf6 24. Nxg6 Qxg6 25. Qxg6 fxg6 26. Kd1 Nf6 27. Bh3 Kf7
28. f3 Nh5 29. Bf2 c5 30. Bxc8 Rxc8 31. Ne2 b5 32. Be3 Nf6 33. c3 Bf8 34. Kd2
Be7 35. b3 Rb8 36. Ng3 Kg7 37. Bh6+ Kg8 38. Be3 Nh7 39. Ke2 Ng5 40. Nf1 Kg7 41.
Nd2 a5 42. Kf2 Nf7 43. Ra1 Bh4+ 44. Ke2 Bg5 45. a4 b4 46. cxb4 Bxe3 47. Kxe3
Rxb4 48. Rb1 Rb8 49. Nc4 Ra8 50. Kd3 Kf6 51. Rh1 Kg7 52. Kc3 g5 53. Ne3 Kg6 54.
Nf5 Ra7 55. Ne3 Re7 56. Nc4 Ra7 57. Na3 Rb7 58. Nc4 Ra7 59. Rh2 Ra6 60. Ne3 Ra7
61. Nf5 Rb7 62. Ne3 Ra7 63. Ng4 Rb7 64. Rh1 Ra7 65. Ne3 Rb7 66. Nc4 Ra7 67. Na3
Rb7 68. Nb5 Rd7 69. Kc4 Rb7 70. Rh2 Rd7 71. Rh1 Rb7 72. Na3 Rb6 73. Kc3 Rb7 74.
Nb5 Rd7 75. Kd3 Rb7 76. Ke3 Rb6 77. Rb1 Rb7 78. Rh1 Rb6 79. Kd3 Rb7 80. Kc2 Rd7
81. Na3 Ra7 82. Kc3 Ra6 83. Nb5 Ra8 84. Nc7 Rc8 85. Nb5 Ra8 86. Kc4 Ra6 87. Rh2
Kg7 88. Nc7 Rb6 89. Nb5 Ra6 90. Na3 Rb6 91. Kc3 Kg6 92. Nc4 Ra6 93. Rh1 Kg7 94.
Ne3 Kg6 95. Nf5 Ra7 96. Rh2 Rb7 97. Ne3 Rb6 98. Nc4 Ra6 99. Na3 Rb6 100. Nb5 Rb7
101. Rh1 Rd7 102. Na3 Rb7 103. Nc4 Ra7 104. Nb6 Rb7 1/2-1/2

[Event "World Rapid 2019"]
[Site "Moscow RUS"]
[Date "2019.12.27"]
[Round "8.88"]
[White "Glek, Igor"]
[Black "Thing, Bibek"]
[Result "0-1"]
[WhiteTitle "GM"]
[BlackTitle "CM"]
[WhiteElo "2467"]
[BlackElo "2222"]
[WhiteFideId "4100484"]
[BlackFideId "12303135"]
[EventDate "2019.12.26"]

1. e4 c5 2. Nf3 d6 3. Bb5+ Bd7 4. Bxd7+ Qxd7 5. O-O Nf6 6. e5 dxe5 7. Nxe5 Qc7
8. d4 e6 9. Bf4 Bd6 10. Na3 Bxe5 11. dxe5 Nd5 12. Nb5 Qc6 13. Nd6+ Kf8 14. Bg3
Qd7 15. Qh5 Nc6 16. Rad1 Qc7 17. Rd3 Kg8 18. c4 Ndb4 19. Rf3 Rf8 20. Bh4 h6 21.
Ne4 Qxe5 22. Qxe5 Nxe5 23. Ra3 b6 24. Rxa7 Nxc4 25. b3 Ne5 26. Nd6 Nd5 27. f4
Nc6 28. Rb7 Nd4 29. f5 Ne3 30. fxe6 Nxe6 31. Rfxf7 Rxf7 32. Nxf7 Rh7 33. Ne5 g5
34. Rxb6 Nd4 35. Rb8+ Kg7 36. Bf2 Kf6 37. Re8 Nef5 38. Ng4+ Kg6 39. Rc8 Ra7 40.
Rxc5 Rxa2 41. h3 h5 42. Ne5+ Kf6 43. Nd7+ Ke7 44. Nb6 g4 45. hxg4 hxg4 46. Re5+
Kf6 47. Nd7+ Kg6 48. Bxd4 Nxd4 49. Rd5 g3 50. Ne5+ Kg7 51. Rd7+ Kf6 52. Ng4+ Ke6 0-1

[Event "World Rapid 2019"]
[Site "Moscow RUS"]
[Date "2019.12.27"]
[Round "8.89"]
[White "Sychev, Klementy"]
[Black "Baron, Tal"]
[Result "0-1"]
[WhiteTitle "GM"]
[BlackTitle "GM"]
[WhiteElo "2563"]
[BlackElo "2541"]
[WhiteFideId "4114060"]
[BlackFideId "2809958"]
[EventDate "2019.12.26"]

1. e4 c5 2. Nf3 Nc6 3. d4 cxd4 4. Nxd4 Nf6 5. Nc3 e5 6. Ndb5 d6 7. Bg5 a6 8. Na3
b5 9. Bxf6 gxf6 10. Nd5 f5 11. g3 fxe4 12. Bg2 Bg7 13. Bxe4 Be6 14. c3 O-O 15.
Ne3 Ne7 16. Nd5 Rc8 17. Nc2 Rc5 18. Nxe7+ Qxe7 19. O-O d5 20. Bg2 a5 21. f4 d4
22. cxd4 exd4 23. Be4 Bg4 24. Qd3 Rfc8 25. Rae1 Qa7 26. Na3 b4 27. Nb1 Bd7 28.
Bxh7+ Kf8 29. Rf2 Bb5 30. Qf3 d3 31. Kg2 f5 32. Qh5 Bc6+ 33. Kh3 Be4 34. Nd2 Bd4
35. Rff1 Qd7 36. Nb3 R5c7 37. Bg6 Kg7 38. Rxe4 fxe4+ 39. Bf5 Rh8 40. Qxh8+ Kxh8
41. Bxd7 Rxd7 42. Rd1 Bb6 43. Nc1 Be3 44. Nb3 a4 45. Na5 Rc7 46. b3 Bd4 47. bxa4
e3 48. Rxd3 e2 49. Rxd4 e1=Q 0-1

[Event "World Rapid 2019"]
[Site "Moscow RUS"]
[Date "2019.12.27"]
[Round "8.90"]
[White "Studer, Noel"]
[Black "Ruck, Robert"]
[Result "1-0"]
[WhiteTitle "GM"]
[BlackTitle "GM"]
[WhiteElo "2546"]
[BlackElo "2530"]
[WhiteFideId "1319620"]
[BlackFideId "705713"]
[EventDate "2019.12.26"]

1. d4 Nf6 2. c4 e6 3. Nf3 d5 4. g3 dxc4 5. Bg2 a6 6. O-O Nc6 7. e3 Rb8 8. Nfd2
Bd6 9. Nxc4 O-O 10. Nc3 Bb4 11. Bd2 Be7 12. a3 Bd7 13. b4 Be8 14. Qc2 Na7 15.
Rfd1 Nb5 16. Na4 c6 17. Nc5 Nd7 18. Be1 Qc7 19. Nd3 Rd8 20. a4 Nd6 21. Na5 Bf6
22. Bc3 Nb8 23. Rac1 Bg5 24. f4 Be7 25. Be1 Nf5 26. Qe2 Qb6 27. Nc4 Qc7 28. Bf2
Bf6 29. Na5 Be7 30. Nb3 Nd7 31. e4 Nd6 32. d5 exd5 33. exd5 Nb8 34. a5 Bf6 35.
Bb6 Qc8 36. Ne5 Nb5 37. Nc5 Rd6 38. Ne4 Bxe5 39. fxe5 Rg6 40. Bc5 Qf5 41. Bxf8
Kxf8 42. Nc5 cxd5 43. e6 Nc6 44. Rf1 Nbd4 45. Qa2 Qh5 46. Rf2 Rh6 47. h4 Rf6 48.
exf7 Rxf7 49. Rcf1 Nxb4 50. Qd2 Nbc6 51. Qe3 Qe5 52. Rxf7+ Bxf7 53. Nd7+ 1-0

[Event "World Rapid 2019"]
[Site "Moscow RUS"]
[Date "2019.12.27"]
[Round "8.91"]
[White "Gundavaa, Bayarsaikhan"]
[Black "Yagupov, Igor"]
[Result "1-0"]
[WhiteTitle "GM"]
[BlackTitle "GM"]
[WhiteElo "2489"]
[BlackElo "2357"]
[WhiteFideId "4901045"]
[BlackFideId "4113632"]
[EventDate "2019.12.26"]

1. e4 c5 2. Nf3 Nc6 3. Bb5 Nf6 4. Bxc6 dxc6 5. d3 Qc7 6. e5 Nd5 7. h3 h6 8. Nbd2
Bf5 9. Ne4 e6 10. Qe2 O-O-O 11. Bd2 g5 12. g4 Bg6 13. O-O-O b6 14. a3 Bg7 15. c4
Nf4 16. Bxf4 gxf4 17. Nf6 Qe7 18. Nh5 Bxh5 19. gxh5 f6 20. exf6 Bxf6 21. Qe4 Kb7
22. Rhg1 Rhg8 23. Rde1 e5 24. Rg6 Rxg6 25. Qxg6 b5 26. Nd2 bxc4 27. Nxc4 Qg7 28.
Rg1 Qe7 29. Qf5 e4 30. Qxe4 Qxe4 31. dxe4 Bd4 32. Rg4 Bxf2 33. Rxf4 Bd4 34. e5
Rg8 35. e6 Ka6 36. e7 Re8 37. Rf7 Rg8 38. Rf8 Rh8 1-0

[Event "World Rapid 2019"]
[Site "Moscow RUS"]
[Date "2019.12.27"]
[Round "8.92"]
[White "Guimaraes, Diogo Duarte"]
[Black "Reshetnikov, Alexey"]
[Result "0-1"]
[WhiteTitle "FM"]
[BlackTitle "IM"]
[WhiteElo "2322"]
[BlackElo "2492"]
[WhiteFideId "2112450"]
[BlackFideId "4162080"]
[EventDate "2019.12.26"]

1. e4 c5 2. Nf3 Nc6 3. d4 cxd4 4. Nxd4 e6 5. Nc3 Qc7 6. Be3 Nf6 7. Qf3 a6 8.
O-O-O d6 9. Qg3 Bd7 10. f4 Rc8 11. f5 Nxd4 12. Rxd4 e5 13. Rd2 Bc6 14. Qf3 b5
15. a3 Qb7 16. Nd5 Bxd5 17. exd5 Be7 18. g4 h5 19. h3 hxg4 20. hxg4 Rxh1 21.
Qxh1 Nxg4 22. f6 Bxf6 23. Bh3 Rc4 24. b3 Nxe3 25. bxc4 bxc4 26. Qf3 Bg5 27. c3
Qb3 28. Be6 Qxc3+ 29. Kb1 fxe6 30. dxe6 Qb3+ 31. Rb2 Qd1+ 32. Qxd1 Nxd1 33. Rb7
Bf6 34. Rb6 Ke7 35. Rxa6 e4 36. Kc1 Nc3 37. a4 e3 38. a5 e2 39. Kd2 Bg5+ 40. Ke1
Bh4+ 0-1

[Event "World Rapid 2019"]
[Site "Moscow RUS"]
[Date "2019.12.27"]
[Round "8.93"]
[White "Shcherbakov, Ruslan"]
[Black "Miranda Neto, Jayme Amorim"]
[Result "1-0"]
[WhiteTitle "GM"]
[BlackTitle "CM"]
[WhiteElo "2527"]
[BlackElo "2102"]
[WhiteFideId "4102240"]
[BlackFideId "2115964"]
[EventDate "2019.12.26"]

1. e4 c6 2. d4 d5 3. e5 Bf5 4. h4 h5 5. Bd3 Bxd3 6. Qxd3 e6 7. Bg5 Be7 8. Nf3
Qb6 9. Nbd2 Nd7 10. O-O Bxg5 11. Nxg5 Ne7 12. c4 Nf5 13. Ngf3 O-O 14. b3 Qd8 15.
g3 dxc4 16. bxc4 g6 17. Rfe1 Qe7 18. Qc3 b6 19. Ne4 Rfc8 20. c5 Rab8 21. Nd6
Nxd6 22. cxd6 Qd8 23. Ng5 Nf8 24. Rac1 c5 25. Qf3 Qd7 26. Ne4 Qb7 27. Nf6+ Kg7
28. Qf4 Nd7 29. d5 exd5 30. Nxd7 Qxd7 31. Qf6+ Kh6 32. e6 Qxd6 33. Re5 Qxe5 34.
Qxe5 fxe6 35. Qxe6 d4 36. Re1 Re8 37. Qxe8 Rxe8 38. Rxe8 b5 39. Re5 c4 40. Rxb5 1-0

[Event "World Rapid 2019"]
[Site "Moscow RUS"]
[Date "2019.12.27"]
[Round "8.94"]
[White "Mikhailovsky, Vladimir"]
[Black "Lobanov, Sergei"]
[Result "0-1"]
[WhiteTitle "CM"]
[BlackTitle "IM"]
[WhiteElo "2209"]
[BlackElo "2504"]
[WhiteFideId "34105414"]
[BlackFideId "24183750"]
[EventDate "2019.12.26"]

1. e4 c6 2. d4 d5 3. exd5 cxd5 4. c4 Nc6 5. Nc3 Nf6 6. Nf3 Bg4 7. cxd5 Nxd5 8.
Be2 e6 9. O-O Be7 10. h3 Bh5 11. Ne5 Bxe2 12. Qxe2 O-O 13. Rd1 Rc8 14. Ne4 Qc7
15. Ng3 Bd6 16. Nxc6 Qxc6 17. Nh5 Qc2 18. Qf3 Qg6 19. Re1 Rc4 20. Re4 Qf5 21.
Qe2 Rfc8 22. Bd2 Rc2 23. Rd1 Rxb2 24. Nxg7 Kxg7 25. Bh6+ Kh8 26. Qxb2 Qxe4 27.
Qxb7 Rg8 28. g4 Rxg4+ 29. hxg4 Qxg4+ 30. Kf1 Qxd1+ 31. Kg2 Qg4+ 32. Kf1 Qh3+ 0-1

[Event "World Rapid 2019"]
[Site "Moscow RUS"]
[Date "2019.12.27"]
[Round "8.95"]
[White "Iljiushenok, Ilia"]
[Black "Tengis, Tsog-Ochir"]
[Result "0-1"]
[WhiteTitle "GM"]
[BlackTitle "FM"]
[WhiteElo "2521"]
[BlackElo "2190"]
[WhiteFideId "24105074"]
[BlackFideId "4902718"]
[EventDate "2019.12.26"]

1. e4 e5 2. Nf3 Nc6 3. c3 d5 4. Qa4 Bd7 5. d3 Nf6 6. Qc2 Bd6 7. Be2 O-O 8. O-O
h6 9. b4 Ne7 10. Nbd2 c6 11. Re1 Ng6 12. Bf1 Qc7 13. a3 Rae8 14. c4 dxe4 15.
dxe4 c5 16. b5 Nf4 17. Nb1 Ne6 18. Nc3 Nd4 19. Qd3 b6 20. a4 Nh7 21. Nd5 Qd8 22.
Bd2 f5 23. Nxd4 exd4 24. a5 Nf6 25. e5 Bxe5 26. axb6 axb6 27. Qf3 Ne4 28. Bf4
Bxb5 29. Ra7 Bc6 30. Bxe5 Rxe5 31. Qf4 Ree8 32. f3 Bxd5 33. cxd5 Qd6 34. Qh4 Nf6
35. Rxe8 Rxe8 36. Bb5 Re3 37. h3 Qe5 38. f4 Re1+ 39. Kh2 Qe3 40. Ra3 Qg1+ 41.
Kg3 Ne4+ 42. Kf3 Qe3+ 0-1

[Event "World Rapid 2019"]
[Site "Moscow RUS"]
[Date "2019.12.27"]
[Round "8.97"]
[White "Lam, Daniel King Wai"]
[Black "Castellanos Rodriguez, Renier"]
[Result "0-1"]
[WhiteTitle "FM"]
[BlackTitle "IM"]
[WhiteElo "2110"]
[BlackElo "2474"]
[WhiteFideId "6001238"]
[BlackFideId "3404650"]
[EventDate "2019.12.26"]

1. e4 c5 2. Nf3 e6 3. d4 cxd4 4. Nxd4 a6 5. Bd3 Bc5 6. Nb3 Be7 7. O-O d6 8. c4
Nd7 9. Be3 Ngf6 10. Nc3 b6 11. f4 Bb7 12. Qe2 Qc7 13. Rae1 O-O 14. Rf3 g6 15.
Rh3 h5 16. Rf1 Rfe8 17. f5 Ng4 18. fxe6 fxe6 19. Nd4 Bf6 20. Rg3 Nde5 21. h3 Bh4
22. Rxg4 hxg4 23. hxg4 Qe7 24. Bb1 Rac8 25. b3 b5 0-1

[Event "World Rapid 2019"]
[Site "Moscow RUS"]
[Date "2019.12.27"]
[Round "8.98"]
[White "Mamatov, Melis"]
[Black "Novikov, Stanislav"]
[Result "1-0"]
[BlackTitle "GM"]
[WhiteElo "2292"]
[BlackElo "2531"]
[WhiteFideId "13800027"]
[BlackFideId "4125371"]
[EventDate "2019.12.26"]

1. e4 g6 2. d4 Bg7 3. Nc3 c6 4. f4 Qb6 5. Nf3 d5 6. e5 Bg4 7. Be2 Nh6 8. h3 Bxf3
9. Bxf3 Nf5 10. Ne2 h5 11. c3 e6 12. Qb3 Nd7 13. Bd2 Qa6 14. Qc2 Nh4 15. Ng1 c5
16. Kf2 Rc8 17. Be3 Nf5 18. Qd2 cxd4 19. cxd4 Nb6 20. b3 Bf8 21. Be2 Qa3 22.
Bb5+ Kd8 23. Ne2 Bb4 24. Qd1 Nxe3 25. Kxe3 Nc4+ 26. Bxc4 dxc4 27. d5 Ke7 28. d6+
Kd7 29. Kf2 h4 30. Qc2 b5 31. Qe4 Qa6 32. Rhd1 Qb6+ 33. Kf3 Ba3 34. Nd4 Bb2 35.
Rab1 Bxd4 36. Rxd4 c3 37. Rc1 Rc6 38. Rc2 a5 39. b4 axb4 40. Rxb4 Qg1 41. Qe2
Rb8 42. Rxb5 Rbc8 43. Rb7+ Kd8 44. Rb4 g5 45. Kg4 Qc5 46. a3 gxf4 47. Rxf4 f5+
48. Kxh4 Kd7 49. Kg3 Qg1 50. Rh4 Rg8+ 51. Kf3 Qh2 52. Qf2 Ra6 53. Rxc3 Qxe5 54.
Rd4 Kd8 55. d7 Ke7 56. Rcd3 Rd8 57. Qh4+ Qf6 58. Qh7+ Qf7 59. Qh6 Ra7 60. Qf4
Raxd7 61. Qg5+ Ke8 62. Qxd8+ 1-0

[Event "World Rapid 2019"]
[Site "Moscow RUS"]
[Date "2019.12.27"]
[Round "8.100"]
[White "Usov, Aleksandr E."]
[Black "Al Ghamdi, Ahmed M"]
[Result "1-0"]
[BlackTitle "CM"]
[WhiteElo "2012"]
[BlackElo "2107"]
[WhiteFideId "24257109"]
[BlackFideId "21500150"]
[EventDate "2019.12.26"]

1. e4 e5 2. Nf3 Nc6 3. d4 exd4 4. Bc4 Nf6 5. e5 d5 6. Bb5 Ne4 7. Nxd4 Bd7 8.
Bxc6 bxc6 9. O-O Bc5 10. f3 Ng5 11. Be3 Bb6 12. f4 Ne4 13. Nd2 c5 14. N4f3 Nxd2
15. Qxd2 d4 16. Bf2 Bc6 17. f5 Qd5 18. Qg5 h6 19. Qh4 Qe4 20. Rae1 Qxf5 21. e6
f6 22. Bg3 Qxc2 23. Rf2 Qg6 24. Qf4 O-O 25. Nh4 Qg5 26. Nf5 Qxf4 27. Rxf4 Rfe8
28. Rg4 g5 29. Nxh6+ Kh7 30. Nf5 Kg6 31. Rf1 Rxe6 32. Nh4+ Kh5 33. h3 gxh4 34.
Rf5+ Kh6 35. Bf4+ Kh7 36. Rh5# 1-0

[Event "World Rapid 2019"]
[Site "Moscow RUS"]
[Date "2019.12.27"]
[Round "8.101"]
[White "Al Nhier, Hamoud"]
[Black "Al Thebaiti, Ahmed M"]
[Result "1/2-1/2"]
[WhiteTitle "FM"]
[BlackTitle "CM"]
[WhiteElo "1934"]
[BlackElo "1976"]
[WhiteFideId "21500045"]
[BlackFideId "21502390"]
[EventDate "2019.12.26"]

1. c4 Nf6 2. g3 g6 3. Bg2 Bg7 4. Nc3 d6 5. d4 O-O 6. e4 e5 7. Nge2 Nbd7 8. O-O
a5 9. f3 exd4 10. Nxd4 Nc5 11. Be3 Re8 12. Bf2 h5 13. b3 h4 1/2-1/2

[Event "World Rapid 2019"]
[Site "Moscow RUS"]
[Date "2019.12.27"]
[Round "8.102"]
[White "Masrahi, Abdulrahman A"]
[Black "Al Mutairi, Hassan S"]
[Result "1/2-1/2"]
[WhiteTitle "CM"]
[BlackTitle "CM"]
[WhiteElo "1956"]
[BlackElo "1883"]
[WhiteFideId "21501564"]
[BlackFideId "21500193"]
[EventDate "2019.12.26"]

1. d4 d6 2. Nf3 Nd7 3. e4 e5 4. dxe5 dxe5 5. Nc3 Ngf6 6. Bc4 c6 7. O-O Be7 8. a4
O-O 9. Qe2 Qc7 10. Be3 Rb8 11. Bc1 Ra8 12. Be3 Rb8 1/2-1/2

[Event "World Rapid 2019"]
[Site "Moscow RUS"]
[Date "2019.12.27"]
[Round "9.5"]
[White "Le, Quang Liem"]
[Black "Motylev, Alexander"]
[Result "1-0"]
[WhiteTitle "GM"]
[BlackTitle "GM"]
[WhiteElo "2713"]
[BlackElo "2640"]
[WhiteFideId "12401137"]
[BlackFideId "4121830"]
[EventDate "2019.12.26"]

1. d4 Nf6 2. c4 e6 3. Nf3 d5 4. g3 Bb4+ 5. Nbd2 dxc4 6. a3 Bxd2+ 7. Bxd2 Nc6 8.
e3 O-O 9. Bxc4 b6 10. O-O Bb7 11. Rc1 Ne4 12. Qc2 Nxd2 13. Nxd2 Rc8 14. Bd3 f5
15. Be2 e5 16. Rfd1 f4 17. Bf3 fxe3 18. fxe3 Na5 19. Bxb7 Nxb7 20. Qe4 Nd6 21.
Qxe5 Nf7 22. Qe6 Re8 23. Qb3 Qg5 24. e4 c5 25. Nf3 Qe7 26. dxc5 Rxc5 27. Rxc5
Qxc5+ 28. Kg2 Qe7 29. e5 g6 30. Rd5 Kg7 31. Qd3 Qe6 32. Rd7 Re7 33. Rxe7 Qxe7
34. Qd5 Qc7 35. e6 Qc2+ 36. Kh3 Qc8 37. g4 h5 38. Qd4+ 1-0

[Event "World Rapid 2019"]
[Site "Moscow RUS"]
[Date "2019.12.27"]
[Round "9.8"]
[White "Ponkratov, Pavel"]
[Black "Fedoseev, Vladimir3"]
[Result "1-0"]
[WhiteTitle "GM"]
[BlackTitle "GM"]
[WhiteElo "2632"]
[BlackElo "2677"]
[WhiteFideId "4157800"]
[BlackFideId "24130737"]
[EventDate "2019.12.26"]

1. d4 d5 2. c4 c6 3. Nf3 Nf6 4. Qc2 g6 5. Nc3 Bg7 6. e3 O-O 7. Bd2 Be6 8. Qb3
Qb6 9. Be2 Nbd7 10. O-O dxc4 11. Bxc4 Bxc4 12. Qxc4 Rac8 13. e4 c5 14. d5 Ng4
15. Qe2 c4 16. Bg5 Rfe8 17. Rad1 Qa5 18. Ne1 Nge5 19. f4 Nd3 20. Nxd3 cxd3 21.
Rxd3 Bxc3 22. bxc3 Rxc3 23. Rxc3 Qxc3 24. Kh1 Nc5 25. e5 Qd3 26. Qxd3 Nxd3 27.
Kg1 Nc5 28. Rd1 Kg7 29. Bh4 b6 30. Kf2 f6 31. Kf3 fxe5 32. fxe5 Rf8+ 33. Ke3 Rf5
34. Bg3 Kf7 35. e6+ Ke8 36. Bb8 a6 37. g4 Rf8 38. Bc7 h5 39. Bxb6 Na4 40. Bd4
hxg4 41. Rb1 Rf3+ 42. Kd2 Kd8 43. Rb8+ 1-0